8080/Z80 ASSEMBLY LANGUAGE TECHNIQUES FOR IMPROVED PROGRAMMING (Record no. 581612)
[ view plain ]
| 000 -LEADER | |
|---|---|
| fixed length control field | 00444nam a22001337a 4500 |
| 020 ## - INTERNATIONAL STANDARD BOOK NUMBER | |
| International Standard Book Number | 0-471-08124-8 |
| 082 ## - DEWEY DECIMAL CLASSIFICATION NUMBER | |
| Classification number | 005.11 MIL'E |
| 100 ## - MAIN ENTRY--PERSONAL NAME | |
| Personal name | MILLER, ALAN R |
| 9 (RLIN) | 36815 |
| 245 ## - TITLE STATEMENT | |
| Title | 8080/Z80 ASSEMBLY LANGUAGE TECHNIQUES FOR IMPROVED PROGRAMMING |
| 260 ## - PUBLICATION, DISTRIBUTION, ETC. | |
| Date of publication, distribution, etc. | 1981 |
| 300 ## - PHYSICAL DESCRIPTION | |
| Extent | X, 318P |
| 650 ## - SUBJECT ADDED ENTRY--TOPICAL TERM | |
| Topical term or geographic name entry element | INTEL 8080 (COMPUTER)-PROGRAMMING ZILOG MODEL Z-80 (COMPUTER)-PROGRAMMING ASSEMLER LANGUAGE (COMPUTER PROGRAMMING LANGUAGE) |
| 9 (RLIN) | 76208 |
| 942 ## - ADDED ENTRY ELEMENTS (KOHA) | |
| Koha item type | Book |
| Withdrawn status | Lost status | Damaged status | Not for loan | Permanent Location | Current Location | Shelving location | Date acquired | Total Checkouts | Full call number | Barcode | Date last seen | Price effective from | Koha item type |
|---|---|---|---|---|---|---|---|---|---|---|---|---|---|
| College of Electrical & Mechanical Engineering (CEME) | College of Electrical & Mechanical Engineering (CEME) | General Stacks | 05/26/2017 | 005.11 MIL'E | CEME-11778 | 06/28/2021 | 06/28/2021 | Book |
